| 000 | 00714nam a22002057a 4500 | ||
|---|---|---|---|
| 999 |
_c158475 _d158475 |
||
| 005 | 20181112160123.0 | ||
| 010 | _aB-710700 | ||
| 020 |
_c9788178244747 _a895.00 |
||
| 035 | _aB-710700 | ||
| 037 |
_adpl _bgift |
||
| 082 | _a894.81209 | ||
| 100 | _aUdaya Kumar | ||
| 245 |
_aWriting the first person: _cby Udaya Kumar _bliterature, history and autobiography in modern Kerala / |
||
| 260 |
_c2016 _aRanikhet _bAshoka University |
||
| 270 |
_aHimalayana, Mall Road, Ranikhet Cantt. _bRanikhet _e263645 |
||
| 300 |
_c22cm(Hb) _a324p. |
||
| 500 | _aIncludes bibliographical references and index | ||
| 942 |
_cEN _2ddc _mUDA _h894.81209 |
||